Spájanie obrazov a transformácia perspektívy medzi kamerami
Na minha lista:
| Autor principal: | |
|---|---|
| Outros Autores: | |
| Formato: | Manuscrito Livro |
| Idioma: | eslovaco |
| Publicado em: |
Bratislava :
STU v Bratislave FEI,
2025
|
| Assuntos: | |
| Acesso em linha: | https://opac.crzp.sk/?fn=detailBiblioFormChildK1730VV&sid=8D80AD18777FCC7F6AB7B74DC29E&seo=CRZP-detail-kniha |
| Tags: |
Sem tags, seja o primeiro a adicionar uma tag!
|
MARC
| LEADER | 00000ntm a22000003a 4500 | ||
|---|---|---|---|
| 001 | stuzp96600 | ||
| 003 | SK-STU | ||
| 005 | 20260204140104.8 | ||
| 007 | ta | ||
| 008 | 150427s2015----xo-----f-mn---000-0-slo-d | ||
| 040 | |a STU |b slo | ||
| 041 | 0 | |a slo | |
| 044 | |a xo | ||
| 100 | 1 | |a Filák, Richard |u 037000 |4 aut |U FEI Fakulta elektrotechniky a informatiky |T FEI Ústav multimediálnych informačných a komunikačných technológií |X 111229 |U E070 |Y 818 |7 111229 | |
| 242 | 0 | 1 | |a Image stitching and perspective transformation between cameras |y eng |
| 245 | 1 | 0 | |a Spájanie obrazov a transformácia perspektívy medzi kamerami |
| 260 | |a Bratislava : |b STU v Bratislave FEI, |c 2025 | ||
| 300 | |a 44 s. | ||
| 650 | 4 | |a Obraz |2 slo | |
| 650 | 4 | |a Warping |2 slo | |
| 650 | 4 | |a OpenCV |2 slo | |
| 650 | 4 | |a Landmark |2 slo | |
| 650 | 4 | |a MediaPipe |2 slo | |
| 650 | 4 | |a NVS |2 slo | |
| 650 | 4 | |a Python |2 slo | |
| 650 | 4 | |a Python |2 eng | |
| 650 | 4 | |a MediaPipe |2 eng | |
| 650 | 4 | |a NVS |2 eng | |
| 650 | 4 | |a Image |2 eng | |
| 650 | 4 | |a Warping |2 eng | |
| 650 | 4 | |a OpenCV |2 eng | |
| 650 | 4 | |a Landmark |2 eng | |
| 700 | 1 | |a Venjarski, Jaroslav |u 037000 |k Z2 |4 ths |U FEI Fakulta elektrotechniky a informatiky |T FEI Ústav multimediálnych informačných a komunikačných technológií |X 86314 |U E070 |Y 818 |7 86314 | |
| 856 | 4 | |u https://opac.crzp.sk/?fn=detailBiblioFormChildK1730VV&sid=8D80AD18777FCC7F6AB7B74DC29E&seo=CRZP-detail-kniha | |